| 000 | 00889nam a2200361Ia 4500 | ||
|---|---|---|---|
| 001 | 7370 | ||
| 005 | 20240113234011.0 | ||
| 007 | ta | ||
| 008 | 050705s1984 a g b000 u eng u | ||
| 020 | _cHB | ||
| 040 | _aCotton College,Assam | ||
| 041 | _aeng | ||
| 082 |
_a552.5 _bPe 44 Se |
||
| 100 | _aPettijohn, F.J. . | ||
| 245 | 0 |
_aSedimentary Rocks / _cF.J. Pettijohn. _hTextual Documents |
|
| 250 | _a3rd ed. / | ||
| 260 |
_aDelhi : _bCBS Publishers & Distributors , _c1984. |
||
| 300 |
_axii, 628p. : _bill. ; _c2 6cm . |
||
| 504 | _aIndex | ||
| 653 | _aGeology | ||
| 653 | _aRocks-Sedimentary | ||
| 653 | _aSedimentary rocks | ||
| 653 | _aPG-Geology | ||
| 653 | _aG-Geology | ||
| 653 | _aT/G-Geology | ||
| 942 |
_2ddc _cBK |
||
| 999 |
_c7357 _d7357 |
||